Компрессия СВЧ-импульсов в сверхпроводящих резонаторах; Известия вузов. Физика; Т. 55, № 11-2

Bibliografski detalji
Parent link:Известия вузов. Физика: научный журнал/ Национальный исследовательский Томский государственный университет (ТГУ).— , 1957-
Т. 55, № 11-2.— 2012.— [С.112-117]
Glavni autor: Артеменко С. Н. Сергей Николаевич
Autor kompanije: Национальный исследовательский Томский политехнический университет (ТПУ) Физико-технический институт (ФТИ) Лаборатория № 46
Daljnji autori: Каминский В. Л. Валерий Людвигович, Самойленко Г. М. Геннадий Михайлович
Sažetak:Заглавие с экрана
Представлены результаты анализа основных характеристик сверхпроводящих резонансных СВЧ-компрессоров. На примере сверхпроводящих резонаторов (СПР) прямоугольной формы определен характер частотной зависимости коэффициента усиления мощности сверхпроводящих СВЧ-компрессоров. В широком диапазоне частот проанализированы возможности СПР как накопителей энергии. Проведены оценки требуемой мощности питания накопителей на основе СПР и результаты экспериментальных исследований накопления и вывода СВЧ-энергии в СП
Режим доступа: по договору с организацией-держателем ресурса
Jezik:ruski
Izdano: 2012
Teme:
Online pristup:http://elibrary.ru/item.asp?id=18639627
Format: MixedMaterials Elektronički Poglavlje knjige
KOHA link:https://koha.lib.tpu.ru/cgi-bin/koha/opac-detail.pl?biblionumber=636559

MARC

LEADER 00000nla0a2200000 4500
001 636559
005 20250331093251.0
035 |a (RuTPU)RU\TPU\network\587 
035 |a RU\TPU\network\586 
090 |a 636559 
100 |a 20140213d2012 k||y0rusy50 ca 
101 0 |a rus 
102 |a RU 
135 |a drnn ---uucaa 
181 0 |a i  
182 0 |a b 
200 1 |a Компрессия СВЧ-импульсов в сверхпроводящих резонаторах  |f С. Н. Артеменко, В. Л. Каминский, Г. М. Самойленко 
203 |a Текст  |c электронный 
300 |a Заглавие с экрана 
320 |a [Библиогр.: с. 117 (9 назв.)] 
330 |a Представлены результаты анализа основных характеристик сверхпроводящих резонансных СВЧ-компрессоров. На примере сверхпроводящих резонаторов (СПР) прямоугольной формы определен характер частотной зависимости коэффициента усиления мощности сверхпроводящих СВЧ-компрессоров. В широком диапазоне частот проанализированы возможности СПР как накопителей энергии. Проведены оценки требуемой мощности питания накопителей на основе СПР и результаты экспериментальных исследований накопления и вывода СВЧ-энергии в СП 
333 |a Режим доступа: по договору с организацией-держателем ресурса 
461 |t Известия вузов. Физика  |o научный журнал  |f Национальный исследовательский Томский государственный университет (ТГУ)  |d 1957- 
463 |t Т. 55, № 11-2  |v [С.112-117]  |d 2012 
610 1 |a электронный ресурс 
610 1 |a труды учёных ТПУ 
610 1 |a СВЧ-энергия 
610 1 |a резонаторы 
610 1 |a компрессия 
610 1 |a добротность 
610 1 |a мощность 
700 1 |a Артеменко  |b С. Н.  |c физик  |c ведущий научный сотрудник Томского политехнического университета, доктор физико-математических наук  |f 1951-  |g Сергей Николаевич  |3 (RuTPU)RU\TPU\pers\25663 
701 1 |a Каминский  |b В. Л.  |c физик  |c заведующий лабораторией Томского политехнического университета  |f 1942-  |g Валерий Людвигович  |3 (RuTPU)RU\TPU\pers\31792 
701 1 |a Самойленко  |b Г. М.  |c физик  |c старший научный сотрудник Томского политехнического университета, кандидат технических наук  |f 1945-  |g Геннадий Михайлович  |3 (RuTPU)RU\TPU\pers\31785 
712 0 2 |a Национальный исследовательский Томский политехнический университет (ТПУ)  |b Физико-технический институт (ФТИ)  |b Лаборатория № 46  |3 (RuTPU)RU\TPU\col\19319 
801 2 |a RU  |b 63413507  |c 20150420  |g RCR 
856 4 |u http://elibrary.ru/item.asp?id=18639627 
942 |c CF